مناظر كتاب الموتى على آثار الدولة الحديثة /
محفوظ في:
المؤلف الرئيسي:
التنسيق: كتاب
اللغة: Undetermined
منشور في:
2016
الوسوم: إضافة وسم
لا توجد وسوم, كن أول من يضع وسما على هذه التسجيلة!
رقم الطلب: Diss.,151
| LEADER | 00680nam a2200133Ia 4500 | ||
|---|---|---|---|
| 008 | 231023s9999||||xx |||||||||||||| ||und|| | ||
| 050 | 4 | |a Diss.,151 | |
| 100 | 0 | |a شیرین عبداللطیف السید الرفاعى | |
| 245 | 1 | 0 | |a مناظر كتاب الموتى على آثار الدولة الحديثة / |c شیرین عبداللطیف السید الرفاعى. |
| 264 | 1 | |c 2016 | |
| 942 | |2 lcc |c THESES | ||
| 952 | |0 0 |1 0 |2 lcc |3 V.1 |4 0 |7 1 |9 51048 |a ARCE |b ARCE |d 2023-10-23 |l 0 |o Diss.,151 v.1-2 |p 1036419 |r 2023-10-23 00:00:00 |w 2023-10-23 |y THESES | ||
| 952 | |0 0 |1 0 |2 lcc |3 V.2 |4 0 |7 1 |9 51168 |a ARCE |b ARCE |d 2023-10-25 |l 0 |o Diss.,151 |p 1036425 |r 2023-10-25 00:00:00 |w 2023-10-25 |y THESES | ||
| 999 | |c 54826 |d 54826 | ||
